00748nam a22001937a 4500003000900000008004100009040007100050082002000121100002000141245002900161260003600190300002800226440003500254505016700289650003900456650001500495650001600510700002800526AR-CdUCM190325b ||||| |||| 00| 0 spa d aMUNICIPALIDAD PROVINCIAL DEL CUSCOcBIBLIOTECA MUNICIPAL DEL CUSCO a197.481 /bC528 aChauchard, Paul aHipnosis y sugestión / aBarcelona :bOikos-taus,c1971. a126 páginas ;c18 cm. aColección ¿Qué sé?.n31 aContenido: Historia de la hipnosis -- Hipnosis animal -- Hipnosis completa del hipnotismo -- Sugestión sin hipnotismo -- Psicofisiología de la sugestión ... aSueños - Aspectos psicológicos aHipnotismo aSugestión aBatle N. (traducción)